| 000 | 00663nam a22002177a 4500 | ||
|---|---|---|---|
| 999 |
_c8396 _d8396 |
||
| 001 | 22124 | ||
| 003 | BD-DhUAP | ||
| 005 | 20240307175228.0 | ||
| 008 | 240307b19672002enk |||| |||| 001 0ceng d | ||
| 020 | _a0415045576 | ||
| 040 |
_aDLC _beng _cDLC _dBD-DhUAP |
||
| 082 |
_217 _a820.9 LIT |
||
| 245 |
_aA literary history of England / _cedited by Albert C. Baugh. |
||
| 250 | _a2d ed. | ||
| 260 |
_aNew York: _bRoutledge; _c1967 [reprinted 2002] |
||
| 300 |
_a4 v. ; _c23 cm. |
||
| 504 | _aIncludes bibliographical references and index. | ||
| 650 |
_aEnglish literature _xHistory and criticism. |
||
| 700 |
_aBaugh, Albert C. _eed. _q(Albert Croll), |
||
| 942 |
_2ddc _cBK |
||